000 00566nam a2200181Ia 4500
001 16118
005 20260306170246.0
008 260306t2015||||xx |||||||||||||| ||und||
041 _aESP
082 _a346.61
_bO93
100 _aOviedo Albán, Jorge
_eAUT
245 0 _aLa garantía por vicios ocultos en la compraventa:
_bestudio de derecho privado chileno y colombiano a la luz de las nuevas tendencias en obligaciones y contratos
260 _c2015
300 _axiii, 424 páginas :
_c24 cm.
650 _aGEN
654 _aCDE
942 _cLIB
_dJUS
_fJUS
_2ddc
_n
999 _c16118
_d16118